A bird's IQ : innovation, intelligence, and ... Read More
Available copies
- 0 of 1 copy available at LARL/NWRL Consortium.
- 0 of 1 copy available at Lake Agassiz Regional Library. (Show preferred library)
Current holds
0 current holds with 1 total copy.
Show Only Available Copies
| Location | Call Number / Copy Notes | Barcode | Shelving Location | Status | Due Date |
|---|---|---|---|---|---|
| Fosston Public Library | 598.15 LEF (Text) | 33500014388979 | New | Checked out | 06/26/2026 |
Record details
- ISBN: 9781778402647
- ISBN: 177840264X
- Physical Description: 298 pages : illustrations ; 24 cm
- Publisher: Vancouver ; Greystone Books, 2026.
Content descriptions
| General Note: | Translation of: Têtes de linotte? Includes bibliographic references and index. |
| Summary, etc.: | "Discover the secret intelligence of birds, ... Read More |
| Additional Physical Form available Note: | Issued also in electronic format. |
Search for related items by subject
| Subject: | Birds > Behavior. Animal intelligence. |
| Genre: | Informational works. |
| LDR | 03634cam a2200505 i 4500 | ||
|---|---|---|---|
| 001 | 484285 | ||
| 003 | LARL_NWRL_CONSORTIUM | ||
| 005 | 20260602201719.0 | ||
| 008 | 250618s2026 bcca b 001 0 eng | ||
| 040 | . | ‡aNLc ‡beng ‡erda ‡cYDX ‡dNLC ‡dOCLCO ‡dMJ8 ‡dOCLCO ‡dIHV ‡dUAF | |
| 015 | . | ‡a20260178667 ‡2can | |
| 020 | . | ‡a9781778402647 ‡q(hardcover) | |
| 020 | . | ‡a177840264X ‡q(hardcover) | |
| 035 | . | ‡a(OCoLC)1523843639 | |
| 041 | 1 | . | ‡aeng ‡hfre |
| 042 | . | ‡alac | |
| 055 | 0. | ‡aQL698.3 ‡b.L4413 2026 | |
| 082 | 0 | 4. | ‡a598.15 ‡qCaOONL ‡223/eng/20260413 |
| 084 | . | ‡acci1icc ‡2lacc | |
| 100 | 1 | . | ‡aLefebvre, Louis, ‡d1950- ‡eauthor. ‡1https://id.oclc.org/worldcat/entity/E39PBJkMH9mWhhb8WDFrpppF8C |
| 240 | 1 | 0. | ‡aTêtes de linotte? ‡lEnglish |
| 245 | 1 | 2. | ‡aA bird's IQ : ‡binnovation, intelligence, and problem solving in the avian world / ‡cLouis Lefebvre ; translated by Pablo Strauss. |
| 264 | 1. | ‡aVancouver ; ‡aBerkeley ; ‡aLondon : ‡bGreystone Books, ‡c2026. | |
| 300 | . | ‡a298 pages : ‡billustrations ; ‡c24 cm | |
| 336 | . | ‡atext ‡btxt ‡2rdacontent | |
| 337 | . | ‡aunmediated ‡bn ‡2rdamedia | |
| 338 | . | ‡avolume ‡bnc ‡2rdacarrier | |
| 500 | . | ‡aTranslation of: Têtes de linotte? | |
| 500 | . | ‡aIncludes bibliographic references and index. | |
| 520 | . | ‡a"Discover the secret intelligence of birds, revealed by one of the world's leading researchers in avian innovation. Surveying a wide variety of birds, including crows, finches, tits, and parrots, Louis Lefebvre, a world-renowned expert in animal behavior, describes the remarkable innovations and problem-solving abilities of species often dismissed as "featherbrains." From crows using cars as nutcrackers to cockatoos crafting tools, Lefebvre reveals how birds exhibit creativity, social learning, and even cultural transmission--traits once thought to be exclusive to humans and other primates. Blending his decades of scientific research with engaging anecdotes, Lefebvre examines the evolutionary forces that have shaped avian intelligence. He explores how birds adapt to urban environments, innovate in response to challenges, and pass down knowledge across generations. This goldmine of bird behavior yields an "innovation quotient" (like our human IQ) widely used by researchers to measure and rank how innovative a bird species is. Using his encyclopedic knowledge, Lefebvre answers questions such as: When a bird species learns a new technique, how do their innovations spread? Why is research on bird cognition being used to train AI models and even robots? What makes certain birds endlessly innovative while others stubbornly repeat the same behaviors? With vivid storytelling and groundbreaking insights, A Bird's IQ invites readers to reconsider their perceptions, celebrating the ingenuity of birds and highlighting the interconnectedness of all intelligent life."-- ‡cProvided by publisher. | |
| 530 | . | ‡aIssued also in electronic format. | |
| 650 | 0. | ‡aBirds ‡xBehavior. ‡0(LARL_NWRL_CONSORTIUM)15038 | |
| 650 | 0. | ‡aAnimal intelligence. ‡0(LARL_NWRL_CONSORTIUM)13526 | |
| 655 | 7. | ‡aInformational works. ‡2lcgft | |
| 700 | 1 | . | ‡aStrauss, Pablo, ‡etranslator. ‡1https://id.oclc.org/worldcat/entity/E39PCjqJWhmrcYvGCjRhDYQkKq |
| 776 | 0 | 8. | ‡iOnline version: ‡aLefebvre, Louis, 1950- ‡sTêtes de linotte? English. ‡tBird's IQ. ‡dVancouver ; Berkeley ; London : Greystone Books, 2026 ‡z1778402658 ‡z9781778402654 ‡w(OCoLC)1584528377 |
| 936 | . | ‡aBATCHLOAD | |
| 901 | . | ‡a484285 ‡bOCoLC ‡c484285 ‡tbiblio ‡soclc | |

Add to basket
Permalink
Disable Highlighting